000
00290nam a2200097Ia 4500
008
200302s9999 xx 000 0 und d
100
_a
Robert Wilson
245
_a
Architectur Und Design Design : Neue Synergien / Architecture
260
_b
Birkhauser-Publishers for Architecture
260
_c
2001
999
_c
5056
_d
5056